Enfoque y categorías de la política económica /

محفوظ في:
التفاصيل البيبلوغرافية
المؤلف الرئيسي: Lichtensztejn, Samuel
التنسيق: نص
الموضوعات:
الوسوم: إضافة وسم
لا توجد وسوم, كن أول من يضع وسما على هذه التسجيلة!

MARC

LEADER 00000 a a2200000 04500
001 14313
003
040
100 |a Lichtensztejn, Samuel  
245 |a Enfoque y categorías de la política económica /  |c Samuel Lichtensztejn 
650 |a POLITICA ECONOMICA  
650 |a CIENCIAS POLITICAS  
650 |a TEORIA POLITICA  
650 |a ECONOMIA  
650 |a TOMA DE DECISIONES  
650 |a TEORIA  
773 |g volumen 55, número 55 -56; páginas 11-45  
999 |c 28298  |d 28298